Evénements du 14 novembre - Statistiques

Statistiques générales
  • Ce quiz a été pris 72 fois
  • Le résultat moyen est 7 sur 15
Statistiques - réponses
Hint Réponse % Correct
L'état d'urgence est décrété en France suite aux attentats du 13 2015
91%
Publication d'une caricature du roi Louis-Philippe en poire 1831
77%
Bombardement de Coventry par les Allemands 1940
77%
Naissance de Stéphane Bern, journaliste et à la suite d'une éruption volcanique sous-marine apparait l'île de Surtsey 1963
60%
1er Eurostar entre Paris et Londres 1994
58%
Début du sommet du G20 à Brisbane 2014
58%
Prise de Corbie par les Français, les Espagnols se retirent 1636
51%
Lech Walesa, syndicaliste polonais est libéré de prison 1982
51%
Naissance de Charles III d'Angleterre 1948
40%
Naissance de Bernard Hinault, coureur cycliste 1954
40%
Découverte du lac Tana source du Nil bleu 1770
28%
Le pape Jean-Paul II est reçu à la chambre des députés italienne 2002
28%
Parution du premier tome de la Recherche du temps perdu de Proust 1913
23%
Première exposition des peintres surréalistes à Paris 1925
23%
Dépôt du brevet de la cellophane 1908
19%
Aucun quiz correspondant
Distribution des résultats
% des personnes avec chaque résultat
Percentile par nombre de réponses
Votre historique - résultats
Vous n’avez pas pris ce quiz